| 000 | 00685cam a2200217 4500 | ||
|---|---|---|---|
| 005 | 20221116144726.0 | ||
| 008 | 150803b mx ||||| |||| 00| 0 spa d | ||
| 020 | _a96806860002 | ||
| 050 | 0 | 4 |
_aBV3773 _bG83 1992 |
| 100 | 1 | _aGuarda O.S.B., Gabriel | |
| 245 | 1 | 4 |
_aLos Laicos en la cristianización de América : _binvestigación / _cGabriel Guarda O.S.B. |
| 250 | _aPrimera edición | ||
| 260 |
_aMéxico : _bFundice, _c1992 |
||
| 300 |
_a262 p. ; _c21 cm. |
||
| 490 | 0 |
_aColección Mexicana V centenario ; _v5 |
|
| 504 | _aBibliografía: p. 230-259 | ||
| 504 | _aIncluye índice | ||
| 650 | 7 |
_2LEMB _aLaicismo |
|
| 650 | 7 |
_2LEMB _aEvangelización _xAmérica |
|
| 942 |
_2lcc _cLIB |
||
| 999 |
_c54858 _d54858 |
||